logo

Bir Sreshtho Munshi Abdur Rouf Library
Jhenaidah Cadet College

British and European wild flowers / (Record no. 10115)

MARC details
000 -LEADER
fixed length control field 01229cam a2200325 i 4500
001 - CONTROL NUMBER
JCCL Control Number 10115
003 - CONTROL NUMBER IDENTIFIER
JCCL marc code BD-JhCC
005 - DATE AND TIME OF LATEST TRANSACTION
control field 20201209134020.0
008 - FIXED-LENGTH DATA ELEMENTS--GENERAL INFORMATION
fixed length control field 180417s1978 enka 001 0 eng
020 ## - INTERNATIONAL STANDARD BOOK NUMBER
International Standard Book Number 0701123230 :
Terms of availability £3.95.
International Standard Book Number 0701123249
035 ## - SYSTEM CONTROL NUMBER
system control number (BD-JhCC)10115
040 ## - CATALOGING SOURCE
Original cataloging agency DLC
Transcribing agency DLC
Modifying agency DLC
-- BD-JhCC
041 1# - LANGUAGE CODE
Language code of Book engger
050 00 - LIBRARY OF CONGRESS CALL NUMBER
Classification number QK281
Item number .S4413
082 00 - DEWEY DECIMAL CLASSIFICATION NUMBER
Classification number 582/.13/099
Author mark and Year SEI 1978
100 1# - MAIN ENTRY--PERSONAL NAME
Personal name Seidel, Dankwart.
240 10 - UNIFORM TITLE
Uniform title Heimische Pflanzen.
245 10 - TITLE STATEMENT
Title British and European wild flowers /
Statement of responsibility, etc identified and illustrated with colour photographs by Dankwart Seidel ; photographed by Wilhelm Eisenreich ; translated by Anthea Bell ; edited by David McClintock.
260 ## - PUBLICATION, DISTRIBUTION, ETC. (IMPRINT)
Place of publication, distribution, etc London :
Name of publisher, distributor, etc Chatto & Windus,
Date of publication, distribution, etc c1978.
300 ## - PHYSICAL DESCRIPTION
Pagination 143 p. :
Other physical details col. ill. ;
Dimensions 19 cm.
490 0# - SERIES STATEMENT
Series statement Chatto nature guides
500 ## - GENERAL NOTE
General note Translation of Unsere häufigsten wildwachsenden Blütenpflanzen, which is v. 1 of Heimische Pflanzen. Cf. Deut. Bibl. 1978, A17, 489.
500 ## - GENERAL NOTE
General note Includes indexes.
650 #0 - SUBJECT ADDED ENTRY--TOPICAL TERM
Topical term or geographic name as entry element Wild flowers
Geographic subdivision Europe
General subdivision Identification.
650 #0 - SUBJECT ADDED ENTRY--TOPICAL TERM
Topical term or geographic name as entry element Wild flowers
Geographic subdivision Great Britain
General subdivision Identification.
700 1# - ADDED ENTRY--PERSONAL NAME
Personal name Eisenreich, Wilhelm.
700 1# - ADDED ENTRY--PERSONAL NAME
Personal name McClintock, David.
942 ## - ADDED ENTRY ELEMENTS (KOHA)
Source of classification or shelving scheme Dewey Decimal Classification
Koha item type Books
Koha issues (borrowed), all copies 2
Holdings
Source of classification or shelving scheme Damaged status Not for loan Home library Current library Shelving location Date of accession Total Checkouts Full call number Barcode Date last seen Date checked out Copy number Koha item type
Dewey Decimal Classification     JCC Rouf Library JCC Rouf Library General Stacks 04/17/2018 1 582/.13/099 SEI 1978 13001 12/21/2020 12/08/2020 C-1 Books

JCC Library | Contacts | JCC Home

Last Update on 23 September 2017
Copyright @ 2017-2020 JCC Rouf Library
Rouf Library, Jhenidah Cadet College (JCC), Bangladesh